000 02072nam a2200373 a 4500
003 DO-SdBNP
005 20250408123232.0
007 ta
008 211229e2014 dr ||||er|||| 001 pdspa d
020 _a9789945498233
040 _aDO-SdBNP
_bspa
_cBNPHU
082 4 _222
_bP796c
245 1 0 _aPonencias del coloquio Henri Meschonnic /
_cManuel Matos Moquete, [et...al] ; Editor, Diógenes Céspedes; Presentación, Rafael Morla
260 _aSanto Domingo :
_bUniversitaria - UASD,
_c2014
300 _a181 p. ;
_c23 cm.
490 _aLingüística y sociedad;
_v100
490 _aUniversidad Autónoma de Santo Domingo;
_v1590
500 _aIncluye datos biográficos de los autores, p. 173-181
505 0 _aPresentación.
505 0 _aIntroducción.
505 0 _aResolución No. 2010-027 que crea la Cátedra Extracurricular.
_tPalabras del rector Franklin García Fermín. /
_rDiógenes Céspedes.--
_tDiscurso de presentación de Hugo Savino. /
_rHugo Savino.--
_tDiscurso inaugural de la Cátedra Henri Meschonnic. /
_rManuel Matos Moquete.--
_tHenri Meschonnic en la Crítica literaria Dominicana. /
_rAndrés Merejo.--
_tEl discuros Meschonnic en el plano cultural y filosófico dominicano. Pasión y crítica de los ochenta. /
_rManuel García Cartagena.--
_tMeschonnic en la UASD: Algunos recuerdos de los años ochenta. /
_rManuel Núñez.--
_tLos grandes temas de Henri Meschonnic
_rMateo Morrison.--
_tHacia una revisión de mi concepción de la poesía y mi práctica escritural y los efectos de la poética.
590 _aInventriado 2021 / MF
700 1 _aMatos Moquete, Manuel,
_d1944-
_96349
700 1 _aGarcía Cartagena, Manuel
_912067
700 1 _aMerejo, Andrés
_9469
700 1 _aNúñez, Manuel,
_d1957-
_92366
700 1 _aMorrison, Mateo,
_d1947-
_91469
700 1 _aCéspedes, Diógenes,
_d1941-
_eed.
_920548
700 _933792
_aMorla, Rafael
_epresentación.
830 _aLingüística y sociedad;
_lspa
_n100
_980909
830 _aUniversidad Autónoma de Santo Domingo;
_lspa
_n1590
_980910
910 _aMFéliz
942 _2ddc
_cLBS1
999 _c51144
_d51144